000 00373nam a22001577a 4500
003 SGT
020 _a9781632397577
082 _a615.1
_bP16T
100 _aTHORNBURG, REGINALD. ed
245 _aTEXBOOK OF PHARMACETICS
260 _aNEW YORK
_bCALLISTO REBE REANCE
_c2016
300 _a263
650 _aPHARMACEUTICS
653 _aTEXBOOK PHARMACETICS
942 _2ddc
_cBK
999 _c22936
_d22936